000 00524nam a2200193Ia 4500
999 _c22745
_d22745
003 OSt
005 20200206142035.0
008 190216s9999||||xx |||||||||||||| ||und||
020 _a8182712262
040 _coclc
082 _a297
_bMOU/I
100 _aMoudoodi, Abul Ala
_91860
245 0 _aIslam /
_cAbul Ala Moudoodi
250 _a9th ed.
260 _bIslamic Publishing House,
_aKozhikode:
_c2006.
300 _a88p
650 _aIslamic History
942 _cBK
_2ddc
_h297
_iMOU/I
_k297
_mMOU/I